[Event "POL-chT U20 2nd League"]
[Site "Szczyrk"]
[Date "2017.07.26"]
[Round "6.11"]
[White "Kupiecka, Julia"]
[Black "Moscicka, Pola"]
[Result "0-1"]
[WhiteElo "1038"]
[BlackElo "1803"]
[PlyCount "60"]
[EventDate "2017.07.22"]
[EventType "team-swiss"]
[EventRounds "11"]
[EventCountry "POL"]
[SourceTitle "EXT 2019"]
[Source "ChessBase"]
[SourceDate "2018.10.10"]
[SourceVersion "1"]
[SourceVersionDate "2018.10.10"]
[SourceQuality "1"]

1. e4 c5 2. c4 Nc6 3. Nc3 g6 4. d3 Bg7 5. Be3 d6 6. h3 e6 7. Qd2 Nge7 8. g4 a6 9. Rc1 Nd4 10. Bg2 Nec6 11. Nge2 0-0 12. f4 f5 13. gxf5 exf5 14. h4 h5 15. Nd5 Bd7 16. Ng3 Rb8 17. b3 b5 18. Bf2 bxc4 19. Rxc4 Na5 20. Rc1 Naxb3 21. axb3 Nxb3 22. Qd1 Qa5+ 23. Kf1 Nxc1 24. Qxc1 Qa2 25. Be1 Rb1 26. Qe3 Rfb8 27. Qf3 Rxe1+ 28. Kxe1 Rb1+ 29. Qd1 Rxd1+ 30. Kxd1 Qxg2 0-1

[Event "POL-chT U20 2nd League"]
[Site "Szczyrk"]
[Date "2017.07.22"]
[Round "1.88"]
[White "Dixa, Joanna"]
[Black "Kupiecka, Julia"]
[Result "1-0"]
[WhiteElo "1301"]
[BlackElo "1038"]
[PlyCount "71"]
[EventDate "2017.07.22"]
[EventType "team-swiss"]
[EventRounds "11"]
[EventCountry "POL"]
[SourceTitle "EXT 2019"]
[Source "ChessBase"]
[SourceDate "2018.10.10"]
[SourceVersion "1"]
[SourceVersionDate "2018.10.10"]
[SourceQuality "1"]

1. e4 e5 2. Nf3 Nc6 3. d4 exd4 4. Nxd4 Nf6 5. Nxc6 bxc6 6. Nc3 Bb4 7. Bd2 0-0 8. Bd3 d5 9. exd5 cxd5 10. 0-0 a5 11. a3 Bd6 12. Bg5 c6 13. Qf3 Ba6 14. Bxa6 Rxa6 15. Ne2 Be7 16. Nd4 Ne4 17. Bxe7 Qxe7 18. Rfe1 Qf6 19. Qxf6 Nxf6 20. f3 Rb6 21. Rab1 Rfb8 22. Re7 Rc8 23. Ra7 h6 24. Rxa5 Re8 25. a4 c5 26. Rxc5 Ra6 27. a5 Rea8 28. b4 Kh7 29. Rc7 Kg8 30. Rc6 R6a7 31. Kf2 Kf8 32. b5 Rxa5 33. b6 Rb8 34. b7 Ra7 35. Rc8+ Rxc8 36. bxc8Q+ 1-0

[Event "POL-chT U19 2nd League"]
[Site "Iwonicz"]
[Date "2015.08.01"]
[Round "7.60"]
[White "Frej, Hanna"]
[Black "Kupiecka, Julia"]
[Result "1/2-1/2"]
[WhiteElo "1231"]
[BlackElo "1056"]
[PlyCount "83"]
[EventDate "2015.07.25"]
[EventType "team-swiss"]
[EventRounds "11"]
[EventCountry "POL"]
[SourceTitle "EXT 2019"]
[Source "ChessBase"]
[SourceDate "2018.10.10"]
[SourceVersion "1"]
[SourceVersionDate "2018.10.10"]
[SourceQuality "1"]
[WhiteTeam "Wroclaw MUKS MDK Srodmiescie U19 II"]
[BlackTeam "Gory Strzybniczanka Tarnowskie U19"]
[WhiteTeamCountry "POL"]
[BlackTeamCountry "POL"]

1. e4 e5 2. Nf3 Nc6 3. Bb5 a6 4. Ba4 Nf6 5. 0-0 b5 6. Bb3 Bc5 7. d3 h6 8. h3 d6 9. c3 0-0 10. Re1 Be6 11. Bc2 Qd7 12. Nbd2 Rfe8 13. Nf1 d5 14. Ng3 dxe4 15. dxe4 Qxd1 16. Rxd1 Rad8 17. Rxd8 Rxd8 18. Bd2 a5 19. a3 a4 20. Re1 Nd7 21. Rd1 Nb6 22. Bc1 Rxd1+ 23. Bxd1 Kf8 24. Kf1 Nc4 25. Nd2 Nxd2+ 26. Bxd2 Na5 27. Be2 Bc4 28. Bxc4 Nxc4 29. Bc1 Nd6 30. f3 Ke7 31. Ke2 Ke6 32. Ke1 f5 33. exf5+ Nxf5 34. Nxf5 Kxf5 35. Ke2 e4 36. fxe4+ Kxe4 37. Bd2 Bb6 38. g3 Bc5 39. Bf4 c6 40. Bd2 Bg1 41. g4 Bh2 42. g5 1/2-1/2

[Event "POL-chT U19 2nd League"]
[Site "Iwonicz"]
[Date "2015.08.01"]
[Round "6.78"]
[White "Kupiecka, Julia"]
[Black "Golecka, Jadwiga"]
[Result "1/2-1/2"]
[WhiteElo "1056"]
[BlackElo "1081"]
[PlyCount "141"]
[EventDate "2015.07.25"]
[EventType "team-swiss"]
[EventRounds "11"]
[EventCountry "POL"]
[SourceTitle "EXT 2019"]
[Source "ChessBase"]
[SourceDate "2018.10.10"]
[SourceVersion "1"]
[SourceVersionDate "2018.10.10"]
[SourceQuality "1"]
[WhiteTeam "Gory Strzybniczanka Tarnowskie U19"]
[BlackTeam "Chylice KS Laura U19 II"]
[WhiteTeamCountry "POL"]
[BlackTeamCountry "POL"]

1. e4 e5 2. Bc4 Nf6 3. d3 Bc5 4. Nf3 d6 5. h3 Nc6 6. 0-0 Qe7 7. Re1 0-0 8. Bg5 Be6 9. Bb3 Bxb3 10. axb3 Qe6 11. c3 Bb6 12. d4 exd4 13. cxd4 Nb4 14. Ra4 Na6 15. d5 Qe7 16. e5 dxe5 17. Rxe5 Qd6 18. Rf5 Nc5 19. Raf4 Nce4 20. Ne5 Nxf2 21. Rxf2 Bxf2+ 22. Kxf2 Nxd5 23. Nc4 Qc5+ 24. Be3 Nxe3 25. Nxe3 Qb6 26. Qd3 Rad8 27. Qc2 Rfe8 28. Rf3 f5 29. Qc4+ Kh8 30. Qc3 Rd4 31. Kg3 g6 32. Nc4 Qc5 33. Rf4 Ree4 34. Rxe4 fxe4 35. Kf2 Kg8 36. Ne3 Qxc3 37. bxc3 Rd6 38. Nc4 Re6 39. Nbd2 Kf7 40. Ke3 Kf6 41. Nxe4+ Kf5 42. Ncd2 b5 43. g4+ Ke5 44. c4 bxc4 45. bxc4 Rc6 46. Nf3+ Ke6 47. Nfg5+ Ke7 48. Nxh7 Rxc4 49. h4 a5 50. Nhg5 a4 51. Nf3 a3 52. Nfd2 Rb4 53. Nc3 Rb6 54. Nd5+ Kd6 55. Nxb6 cxb6 56. Kf4 Kc5 57. Nb3+ Kb4 58. Na1 Kc3 59. h5 gxh5 60. gxh5 Kb2 61. h6 a2 62. h7 Kxa1 63. h8Q+ Kb1 64. Qh7+ Kb2 65. Qg7+ Kb1 66. Qg6+ Kc1 67. Qc6+ Kb1 68. Qxb6+ Kc2 69. Qa6 Kb2 70. Qf6+ Kb1 71. Qb6+ 1/2-1/2